Preparing for marriage : (Record no. 2646)

MARC details
000 -LEADER
fixed length control field 01309cam a2200361Ia 4500
001 - CONTROL NUMBER
control field 215112
003 - CONTROL NUMBER IDENTIFIER
control field GBCCL
005 - DATE AND TIME OF LATEST TRANSACTION
control field 20241126110434.0
008 - FIXED-LENGTH DATA ELEMENTS--GENERAL INFORMATION
fixed length control field 971231s1997 caua 000 0 eng d
020 ## - INTERNATIONAL STANDARD BOOK NUMBER
International Standard Book Number 0830717803
020 ## - INTERNATIONAL STANDARD BOOK NUMBER
International Standard Book Number 9780830717804
035 ## - SYSTEM CONTROL NUMBER
System control number (OCoLC)ocm38146837
035 ## - SYSTEM CONTROL NUMBER
System control number (OCoLC)38146837
040 ## - CATALOGING SOURCE
Original cataloging agency NTG
Transcribing agency NTG
Modifying agency KMA
-- BAKER
-- ITC
-- YDXCP
-- HNW
-- TXAMP
-- LBB
049 ## -
-- LBBK
-- LBBC
082 04 - DEWEY DECIMAL CLASSIFICATION NUMBER
Classification number 248.844
Item number PRE
090 ## - LOCALLY ASSIGNED LC-TYPE CALL NUMBER (OCLC); LOCAL CALL NUMBER (RLIN)
Classification number (OCLC) (R) ; Classification number, CALL (RLIN) (NR) HQ10
Local cutter number (OCLC) ; Book number/undivided call number, CALL (RLIN) .R35 1997
245 00 - TITLE STATEMENT
Title Preparing for marriage :
Remainder of title a complete guide to help you discover God's plan for a lifetime of love /
Statement of responsibility, etc. by David Boehi, Brent Nelson, Jeff Schulte & Lloyd Shadrach.
260 ## - PUBLICATION, DISTRIBUTION, ETC.
Place of publication, distribution, etc. Ventura, CA :
Name of publisher, distributor, etc. Gospel Light,
Date of publication, distribution, etc. c1997.
300 ## - PHYSICAL DESCRIPTION
Extent 252 p. :
Other physical details ill. ;
Dimensions 23 cm.
500 ## - GENERAL NOTE
General note "A homebuilders resource from FamilyLife."
500 ## - GENERAL NOTE
General note "Dennis Rainey, General editor".
520 ## - SUMMARY, ETC.
Summary, etc. The complete guide to help you discover God's plan for a lifetime of love.
520 ## - SUMMARY, ETC.
Summary, etc. Christian Library of Lancaster Collection.
650 #0 - SUBJECT ADDED ENTRY--TOPICAL TERM
Topical term or geographic name entry element Marriage counseling.
9 (RLIN) 3506
650 #0 - SUBJECT ADDED ENTRY--TOPICAL TERM
Topical term or geographic name entry element Marriage
General subdivision Religious aspects
-- Christianity.
9 (RLIN) 295
700 1# - ADDED ENTRY--PERSONAL NAME
Personal name Boehi, David.
9 (RLIN) 5583
700 1# - ADDED ENTRY--PERSONAL NAME
Personal name Nelson, Brent.
9 (RLIN) 5584
700 1# - ADDED ENTRY--PERSONAL NAME
Personal name Schulte, Jeff.
9 (RLIN) 5585
700 1# - ADDED ENTRY--PERSONAL NAME
Personal name Shadrach, Lloyd.
9 (RLIN) 5586
700 1# - ADDED ENTRY--PERSONAL NAME
Personal name Rainey, Dennis,
Dates associated with a name 1948-
9 (RLIN) 5478
942 ## - ADDED ENTRY ELEMENTS (KOHA)
Source of classification or shelving scheme Dewey Decimal Classification
Koha item type Books
Koha issues (borrowed), all copies 37
Holdings
Withdrawn status Lost status Source of classification or shelving scheme Damaged status Not for loan Home library Current Library Shelving location Date acquired Total checkouts Full call number Barcode Date last seen Date last checked out Copy number Price effective from Koha item type Total renewals
    Dewey Decimal Classification     GRACE BIBLE COLLEGE GRACE BIBLE COLLEGE Ministry & Mission 2017-09-07 1 248.844 PRE 011793 2025-05-01 2023-08-24 c.3 2017-09-07 Books  
    Dewey Decimal Classification     GRACE BIBLE COLLEGE GRACE BIBLE COLLEGE Ministry & Mission 2017-09-07 3 248.844 PRE 011794 2025-05-01 2023-09-05 c.4 2017-09-07 Books  
    Dewey Decimal Classification     GRACE BIBLE COLLEGE GRACE BIBLE COLLEGE Ministry & Mission 2017-09-07 1 248.844 PRE 011795 2025-05-01 2019-10-01 c.5 2017-09-07 Books  
    Dewey Decimal Classification     GRACE BIBLE COLLEGE GRACE BIBLE COLLEGE Ministry & Mission 2017-09-07 2 248.844 PRE 011796 2025-05-01 2019-10-01 c.6 2017-09-07 Books  
    Dewey Decimal Classification     GRACE BIBLE COLLEGE GRACE BIBLE COLLEGE Ministry & Mission 2017-09-07 2 248.844 PRE 011797 2025-05-01 2019-10-01 c.7 2017-09-07 Books 1
    Dewey Decimal Classification     GRACE BIBLE COLLEGE GRACE BIBLE COLLEGE Ministry & Mission 2017-09-19 3 248.844 PRE 011791 2025-05-01 2023-08-28 c.1 2017-09-19 Books  
    Dewey Decimal Classification     GRACE BIBLE COLLEGE GRACE BIBLE COLLEGE Ministry & Mission 2017-09-19 5 248.844 PRE 011792 2025-05-01 2019-10-09 c.2 2017-09-19 Books  
    Dewey Decimal Classification     GRACE BIBLE COLLEGE GRACE BIBLE COLLEGE Ministry & Mission 2017-09-19 4 248.844 PRE 011798 2025-05-01 2023-09-14 c.8 2017-09-19 Books 1
    Dewey Decimal Classification     GRACE BIBLE COLLEGE GRACE BIBLE COLLEGE Ministry & Mission 2017-09-19 5 248.844 PRE 011799 2025-05-01 2024-12-10 c.9 2017-09-19 Books  
    Dewey Decimal Classification     GRACE BIBLE COLLEGE GRACE BIBLE COLLEGE Ministry & Mission 2017-09-19 7 248.844 PRE 011800 2025-05-01 2024-09-09 c.10 2017-09-19 Books 1
    Dewey Decimal Classification     GRACE BIBLE COLLEGE GRACE BIBLE COLLEGE Ministry & Mission 2017-09-19 5 248.844 PRE 011801 2025-05-01 2023-09-25 c.11 2017-09-19 Books  
© Grace Bible College Library 2025